Guess Animals (No Vowels) - Statistics

General Stats
  • This quiz has been taken 25 times
  • The average score is 20 of 27
Answer Stats
Missing Vowels Animal % Correct
TGR Tiger
96%
DG Dog
91%
ZBR Zebra
91%
BFFL Buffalo
87%
PTHN Python
87%
RBBT Rabbit
87%
CT Cat
83%
FX Fox
83%
HPP Hippo
83%
HRS Horse
83%
VLTR Vulture
83%
WLF Wolf
83%
CW Cow
78%
KNGR Kangaroo
78%
PNGN Penguin
78%
BR Bear
74%
LN Lion
74%
PND Panda
74%
BVR Beaver
70%
RHNCRS Rhinoceros
70%
CHTH Cheetah
65%
LPHNT Elephant
65%
GT Goat
65%
HN Hyena / Hen
48%
PGN Pigeon
48%
TRTS Tortoise
35%
GL Eagle
26%
No matching quizzes found
Score Distribution
Percent of People with Each Score
Percentile by Number Answered
Your Score History
You have not taken this quiz